000 00471nam a2200181Ia 4500
008 240925s9999 xx 000 0 und d
020 _a97814860116677
082 _a658.4033 CHI
100 _aChiera, Belinda.
245 0 _aQuantitative Mehtods For Business
250 _aNA
260 _aNew Delhi:
_bPearson Education
_c,2013.
300 _axxiii,312p.
_bNA
_fOriginal
500 _aIncludes Index
600 _aManagement
650 _aManagement
942 _cBK
999 _c14960
_d14960